000
00453nam a22001097a 4500
082
_a
658
100
_a
चंद्रेश मकवाणा
_9
83858
245
_a
चाणक्यमेंट आचार्य चाणक्य से सीखें मैनेजमेंट के गुण
260
_a
नई दिल्ली
_b
नमस्कार बुक्स
_c
2024
650
_a
प्रबंधन
942
_c
HIN
999
_c
68854
_d
68854